00749 a2200169 4500003000500000005001700005020001500022038001100037040000900048082001600057100001800073245006900091260003200160300001500192505033800207650003400545Nust20241114184649.0 a0130224723 awaseem cNust a621.382,HAY aHaykin,Simon  aModern wireless communications /cSimon Haykin and Michael Moher aNJbPearson educationc2011 axvvi,572 p aIntroduction (Page-1), Propagation and noise (Page-11), Modulation and frequency division multiple access (Page-103), Coding and time division multiple access (Page-179), Spread spectrum and code division multiple access (Page-258), Diversity,capacity and space division multiple access (Page-339), Wireless architectures (Page-450). aModern wireless communication